Sovremennye slavi︠a︡nskie kult́ury : razvitie, vzaimodeĭstvie, mezhdunarodnyĭ kontekst : materialy mezhdunarodnoĭ konferent︠s︡ii I︠U︡NESKO /

Bibliographic Details
Other Authors: Verves, H. D., 1920-
Format: Book
Language:Russian
Published: Kiev : Naukova Dumka, 1982.
Subjects:

MARC

Tag First Indicator Second Indicator Subfields
LEADER 00000cam a2200000Ia 4500
001 in00001815652
005 20151025202521.0
008 871209s1982 un b 100 0 rusod
035 |a (OCoLC)ocm17212095 
040 |a GZN  |c GZN  |d OCL  |d TXA  |d UtOrBLW 
041 0 |a rus  |b fre 
049 |a TXAM 
090 |a DJK27  |b .S68 1982 
245 0 0 |a Sovremennye slavi︠a︡nskie kult́ury :  |b razvitie, vzaimodeĭstvie, mezhdunarodnyĭ kontekst : materialy mezhdunarodnoĭ konferent︠s︡ii I︠U︡NESKO /  |c [G.D. Verves (otv. red.)]. 
264 1 |a Kiev :  |b Naukova Dumka,  |c 1982. 
300 |a 438 pages ;  |c 23 cm. 
336 |a text  |b txt  |2 rdacontent 
337 |a unmediated  |b n  |2 rdamedia 
338 |a volume  |b nc  |2 rdacarrier 
500 |a Added title page: Cultures slaves modernes. 
500 |a Summary and table of contents in French. 
504 |a Includes bibliographical references. 
500 |a Romanized record. 
650 0 |a Civilization, Slavic  |v Congresses. 
650 0 |a Slavs  |v Congresses. 
700 1 |a Verves, H. D.,  |d 1920- 
740 0 |a Cultures slaves modernes. 
948 |a cataloged  |b h  |c 2004/1/23  |d c  |e spoltoratski  |f 12:01:35 pm 
994 |a E0  |b TXA 
999 |a MARS 
999 f f |s be7fa660-7e7b-3938-bfc4-d0824a67eb2f  |i e0075f14-7be3-349d-b278-f9d31205700c  |t 0 
952 f f |p ric  |a Texas A&M University  |b Rellis Campus  |c Joint Library Facility  |d Remote Storage  |t 0  |e DJK27 .S68 1982  |h Library of Congress classification  |i unmediated -- volume  |m A14831236047 
998 f f |a DJK27 .S68 1982  |t 0  |l Remote Storage